Quản lý chất lượng VSATTP tại Bà Rịa - Vũng Tàu

Wedi'i Gadw mewn:
Manylion Llyfryddiaeth
Prif Awdur: Hồng Phúc
Fformat: Llyfr
Iaith:Undetermined
Pynciau:
Mynediad Ar-lein:http://lrc.tdmu.edu.vn/opac/search/detail.asp?aID=2&ID=24152
Tagiau: Ychwanegu Tag
Dim Tagiau, Byddwch y cyntaf i dagio'r cofnod hwn!
Thư viện lưu trữ: Trung tâm Học liệu Trường Đại học Thủ Dầu Một
LEADER 00609nam a2200145Ia 4500
001 TDMU_24152
008 210410s9999 xx 000 0 und d
082 |a 363.192 
100 |a Hồng Phúc 
245 0 |a Quản lý chất lượng VSATTP tại Bà Rịa - Vũng Tàu 
245 0 |c Hồng Phúc 
300 |a Tr.16-17 
650 |a An toàn vệ sinh thực phẩm ; Quản lý chất lượng; Bà Rịa - Vũng Tàu; Môi trường 
856 |u http://lrc.tdmu.edu.vn/opac/search/detail.asp?aID=2&ID=24152 
980 |a Trung tâm Học liệu Trường Đại học Thủ Dầu Một